visual grmamar for children 3
保存先:
| 第一著者: | |
|---|---|
| フォーマット: | 図書 |
| 言語: | English |
| 出版事項: |
THANH NIEN
2010
|
| 主題: | |
| タグ: |
タグ追加
タグなし, このレコードへの初めてのタグを付けませんか!
|
| Thư viện lưu trữ: | Mạng thư viện Đại học Đà Nẵng |
|---|
| LEADER | 01018nam a22003131a 4500 | ||
|---|---|---|---|
| 001 | 000035347 | ||
| 003 | 11624 | ||
| 005 | 20151116000000.0 | ||
| 008 | 151116s2010 000 eng | ||
| 041 | |a eng | ||
| 082 | |a 420.4 |b MA-C | ||
| 100 | |a MAI THỜI CHÍNH | ||
| 245 | |a visual grmamar for children 3 |c Mai Thời Chính | ||
| 260 | |a THANH NIEN |c 2010 | ||
| 650 | |a visual grmamar for children 3;MAI THỜI CHÍNH | ||
| 852 | |b Chuyên đề |c Tiếng Anh tham khảo 1 | ||
| OWN | |a LNN | ||
| AVA | |a UDN50 |b LNN |d 420.4 MA-C |e available |t Error 5001 Not defined in file expand_doc_bib_avail. |f 4 |g 0 |h N |i 0 |k 1 | ||
| 999 | |a From the UDN01 | ||
| AVA | |a UDN50 |b LNN |d 420.4 MA-C |e available |t Error 5001 Not defined in file expand_doc_bib_avail. |f 4 |g 0 |h N |i 0 |k 1 | ||
| TYP | |a Monograph | ||
| TYP | |a Printed language | ||
| 980 | |a Mạng thư viện Đại học Đà Nẵng | ||